000 04070cgm a2200757Ii 4500
001 ocn881196231
003 OCoLC
005 20241220141347.0
008 140609s2014 xx 099 vleng d
007 vd cvaizq
040 _aTEFMT
_beng
_erda
_cTEFMT
_dTEF
_dDYJ
_dBTCTA
_dTEFMT
_dOCLCO
_dBDX
_dTEFMT
_dIH7
_dGL9
_dUINTA
019 _a880967457
024 1 _a043396439221
024 1 _a043396443808
028 4 2 _a43922
_bColumbia
028 4 2 _a44380
_bColumbia
035 _a(OCoLC)881196231
_z(OCoLC)880967457
041 1 _aeng
_afre
_aspa
_apor
_atha
_jspa
_jfre
_jchi
_jpor
_jtha
_jkor
_jeng
_heng
050 1 4 _aPN1997.2
_b.H4384 2014
082 0 4 _a791.43/72
_223
049 _aUCLB
092 _a791.437
245 0 0 _aHeaven is for real /
_cTristar Pictures presents ; a Roth Films/T.D. Jakes production ; screenplay by Randall Wallace and Christopher Parker ; produced by Joe Roth, T.D. Jakes ; directed by Randall Wallace.
264 1 _a[Place of publication not identified] :
_b[Publisher not identified],
_c[Date of publication not identified]
264 2 _aCulver City, CA :
_bSony Pictures Home Entertainment,
_c[2014]
300 _a1 videodisc (99 min.) :
_bsound, color ;
_c4 3/4 in.
336 _atwo-dimensional moving image
337 _avideo
338 _avideodisc
344 _adigital
_boptical
_gsurround
_h5.1 dolby digital
_2rda
346 _alaser optical
_2rda
347 _avideo file
_bDVD video
_eregion 1
_2rda
538 _aDVD; 2.40:1 anamorphic widescreen; 5.1 Dolby Digital; Region 1, NTSC.
546 _aEnglish, French, Spanish, Portuguese or Thai dialogue; Spanish, French, Mandarin, Portuguese, Thai, Korean, Cantonese or English subtitles; English subtitles for the deaf and hard of hearing (SDH); English described video.
588 _aTitle from container.
511 1 _aGreg Kinnear, Kelly Reilly, Connor Corum, Margo Martindale, Thomas Haden Church.
508 _aMusic, Nick Glennie-Smith; editor, John Wright; director of photography, Dean Semler.
500 _aBased on the book by Todd Burpo with Lynn Vincent.
521 8 _aMPAA Rating: PG; for thematic material including some medical situations
_aCHV rating: G, nor recommended for young children, violence.
520 _aThe true story of a small-town father who must find the courage and conviction to share his son's extraordinary, life-changing experience with the world. Colton claims to have visited Heaven during a near death experience. He recounts the details of his amazing journey with childlike innocence and speaks matter-of-factly about things that happened before his birth.
500 _aSpecial features: Colton goes to heaven; Deleted scenes.
650 0 _aFathers and sons
_vDrama.
_95704996
650 0 _aHeaven
_vDrama.
_95717536
650 0 _aNear-death experiences
_vDrama.
_95787791
655 7 _aFeature films.
_2lcgft
_96275361
655 7 _aVideo recordings for the hearing impaired.
_2lcgft
_96275362
655 7 _aVideo recordings for people with visual disabilities.
_2lcgft
_95676923
655 7 _aFiction films.
_2lcgft
_96275363
700 1 _aWallace, Randall,
_d1949-
_escreenwriter,
_efilm director.
_96217679
700 1 _aParker, Christopher,
_escreenwriter.
_96275364
700 1 _aKinnear, Greg,
_d1963-
_eactor.
_963926
700 1 _aReilly, Kelly,
_eactor.
_971035
700 1 _aCorum, Connor,
_eactor.
_95739978
700 1 _aMartindale, Margo,
_d1951-
_eactor.
_974812
700 1 _aChurch, Thomas Haden,
_eactor.
_961420
700 1 _iMotion picture adaptation of (work):
_aBurpo, Todd.
_tHeaven is for real.
_95802369
700 1 _iMotion picture adaptation of (work):
_aVincent, Lynn.
_95865283
710 2 _aRoth Films,
_eproduction company.
_95810791
710 2 _aTri-Star Pictures,
_eproduction company,
_epresenter.
_936498
710 2 _aSony Pictures Entertainment, Inc.,
_efilm distributor.
_963715
938 _aBaker and Taylor
_bBTCP
_nBEBDCO 43919
938 _aBrodart
_bBROD
_n109577205
942 _cDVD
_0233
994 _aC0
_bUINTA
998 _aa203623
999 _c127760
_d127760